00968cam a2200253 a 450000100100000000500170001000800410002702000150006804000320008308200250011510000500014024501060019025000120029626000570030830000280036549000150039349000180040865000270042665100490045365000310050270000410053395201230057499900170069700001966620200929170109.0870205s1995 sp a 000 0 spa d a8423919099 aDO-SdBNPbspacBNPHUdBNPHU aP862.44bF362b, 19951 aFernán-Gómez, Fernando,d1921-200792191114aLas bicicletas son para el verano /cFernando Fernán-Gómez ; introducción Eduardo Haro Tecglen. a17a ed. aMadrid, (España) :bEditorial Espasa-Calpe,c1995. a208 p. :bil. ;c18 cm.1 aLiteratura1 aAustral.v109 4aTeatro español93071 4aEspañaxHistoriay1936-1939xTeatro942116 4aLiteratura española96321 aHaro Tecglen, Eduardo,eintr.942117 001050718MOaGRbGRcHDd2010-07-02iLF1l0oP862.44 F362b, 1995p19666-10r2020-06-25w2020-06-25y1ZNo se presta c19182d19182